| 000 | 01047na a2200313 4500 | ||
|---|---|---|---|
| 001 | 12633 | ||
| 003 | MIRAKIL | ||
| 005 | 20181213155252.0 | ||
| 008 | 160812b tu 000 0 | ||
| 020 | _a9786053990529 | ||
| 035 | _a12633 | ||
| 040 |
_aMilas _btur _cTR-AnCHP |
||
| 082 |
_a109 _bB36k 2008 |
||
| 090 | _a109 B36k 2008 | ||
| 100 |
_aBerlin, Isaiah _d1909-1997 |
||
| 245 |
_aKirpi ile tilki _bSeçme makaleler _cIsaiah Berlin ; Derleyen Murat Borovali ; Çevirenler Mete Tunçay, Zeynep Mertoğlu. |
||
| 260 |
_aİstanbul _bİstanbul Bilgi Üniversitesi Yayınları _c2008. |
||
| 300 |
_a342 s. _c23 sm. |
||
| 490 |
_aÇağdaş Siyaset Felsefesi _v7 |
||
| 490 |
_aİstanbul Bilgi Üniversitesi yayınları _v215 |
||
| 500 | _aÖzgün yapıt adı : The hedgehog and the fox : The counter enlightenment | ||
| 504 | _aDizin var. | ||
| 600 |
_aTolstoy, Leo _d1828-1910 _eTarih felsefesi |
||
| 650 |
_aTarih _xFelsefe |
||
| 700 | _aMertoğlu, Zeynep | ||
| 700 | _aTunçay, Mete | ||
| 700 | _aBorovali, Murat | ||
| 942 |
_2ddc _cBKS |
||
| 999 |
_c9594 _d9594 |
||